000 00683nam a2200229Ia 4500
001 9603
003 GE_BSU
008 181216s||||||||xx |||||||||||||| ||und||
040 _cGE_BSU
080 _a821.353.1-1
100 _aმელია,იაკობ
245 _aმამულო, ჩემო
245 _bლექსები
245 _cრედ:ლევან ბეჟანიძე;მხატ:ჯ.მიქელაძე
260 _aბათუმი.
260 _bსაბჭ.აჭარა.
260 _c1976
300 _a92გვ;16სმ.
653 _aლექსები
653 _aმამულო, ჩემო
942 _cBK
999 _c42889
_d42889